[Event "Titled Tuesday intern op 07th Feb Early"]
[Site "Chess.com INT"]
[Date "2023.02.07"]
[Round "5"]
[White "Shuvalov, Evgenij"]
[Black "Alhadad, Mahmoud"]
[Result "1-0"]
[WhiteElo "2149"]
[BlackElo "1840"]
[PlyCount "41"]
[EventDate "2023.02.07"]
[EventType "swiss (blitz)"]
[EventRounds "11"]
[EventCountry "USA"]
[SourceTitle "EXT 2024"]
[Source "ChessBase"]
[SourceDate "2023.10.10"]
[SourceVersion "1"]
[SourceVersionDate "2023.10.10"]
[SourceQuality "1"]

1. d4 d5 2. c4 Nc6 3. Nf3 Bg4 4. Nc3 e6 5. cxd5 exd5 6. Qb3 Bb4 7. Bg5 Nge7 8. e3 0-0 9. Bd3 h6 10. Bh4 g5 11. Bg3 Bxf3 12. gxf3 Ng6 13. 0-0-0 Bxc3 14. bxc3 Na5 15. Qc2 Kg7 16. Rdg1 Qe7 17. h4 Qa3+ 18. Kd2 gxh4 19. Be5+ Kh7 20. Bxg6+ Kg8 21. Bh7# 1-0

[Event "Titled Tuesday intern op 31st Jan Early"]
[Site "Chess.com INT"]
[Date "2023.01.31"]
[Round "4"]
[White "Alhadad, Mahmoud"]
[Black "Kostiukov, Alexandr"]
[Result "0-1"]
[WhiteElo "1840"]
[BlackElo "2271"]
[PlyCount "100"]
[EventDate "2023.01.31"]
[EventType "swiss (blitz)"]
[EventRounds "11"]
[EventCountry "USA"]
[SourceTitle "CBM 212 Extra"]
[Source "ChessBase"]
[SourceDate "2023.03.31"]
[SourceVersion "1"]
[SourceVersionDate "2023.03.31"]
[SourceQuality "1"]

1. e4 c5 2. Nc3 g6 3. d4 cxd4 4. Qxd4 Nf6 5. Bb5 a6 6. Qa4 Nc6 7. Nf3 Bg7 8. Bf4 0-0 9. 0-0-0 Ng4 10. Bxc6 bxc6 11. Bg3 Qb6 12. Rd2 Bh6 13. h4 Bxd2+ 14. Nxd2 Nxf2 15. Re1 Ng4 16. e5 h5 17. Qf4 Rb8 18. b3 Qb4 19. Nde4 a5 20. e6 Qa3+ 21. Kb1 Rb4 22. Qg5 dxe6 23. Nf2 Nxf2 24. Bxf2 a4 25. Re4 axb3 26. cxb3 Rxe4 27. Nxe4 Qb4 28. Nf6+ exf6 29. Qxf6 Qe4+ 30. Kb2 Qf5 31. Qd4 e5 32. Qe3 Be6 33. Be1 Rd8 34. Bc3 Rd3 35. Qc5 Qe4 36. Bb4 Qe2+ 37. Ka3 Rd5 38. Qf8+ Kh7 39. Bc3 Qa6+ 40. Kb2 Qd3 41. Qb8 Rc5 42. Bxe5 Rxe5 43. Qxe5 Qf5 44. Qb8 Qf6+ 45. Ka3 Qxh4 46. g3 Qf6 47. b4 Kg7 48. Qd8 Qxd8 49. Ka4 Qd5 50. Ka3 Qxa2# 0-1

[Event "Titled Tuesday intern op 31st Jan Early"]
[Site "Chess.com INT"]
[Date "2023.01.31"]
[Round "5"]
[White "Kleiman, Jake"]
[Black "Alhadad, Mahmoud"]
[Result "1-0"]
[WhiteElo "2399"]
[BlackElo "1840"]
[PlyCount "139"]
[EventDate "2023.01.31"]
[EventType "swiss (blitz)"]
[EventRounds "11"]
[EventCountry "USA"]
[SourceTitle "CBM 212 Extra"]
[Source "ChessBase"]
[SourceDate "2023.03.31"]
[SourceVersion "1"]
[SourceVersionDate "2023.03.31"]
[SourceQuality "1"]

1. h4 d5 2. d4 Nc6 3. c4 e5 4. dxe5 d4 5. Nf3 Bb4+ 6. Nbd2 Bg4 7. Qa4 Bxf3 8. gxf3 Nge7 9. a3 Bxd2+ 10. Bxd2 0-0 11. f4 Qd7 12. Bh3 Nf5 13. Qc2 Nce7 14. Qe4 Qc6 15. f3 Qxe4 16. fxe4 Ng3 17. Bb4 Nxh1 18. Bxe7 Rfe8 19. Bc5 Ng3 20. Bxd4 Nxe4 21. Bg2 f5 22. exf6 gxf6 23. Bf3 f5 24. 0-0-0 Rad8 25. Rg1+ Kf8 26. Be5 Rd7 27. Kc2 c6 28. Kb3 Nd2+ 29. Kc3 Nxf3 30. exf3 Red8 31. Rg5 Rd3+ 32. Kb4 Rxf3 33. Rxf5+ Ke8 34. Rh5 Rd7 35. Rh6 Rf7 36. Re6+ Kd7 37. Rd6+ Kc8 38. Re6 Kd7 39. Rh6 Kc8 40. a4 Kd7 41. a5 a6 42. Kc5 Rb3 43. Rd6+ Kc8 44. Rh6 Kd7 45. Rh5 Kc8 46. Rg5 Kd7 47. Rg8 Ke6 48. Re8+ Kf5 49. Rg8 Ke4 50. Rg5 Kd3 51. h5 Kc2 52. h6 Rh3 53. Rg7 Rxg7 54. hxg7 Rg3 55. f5 Rg5 56. f6 Rxe5+ 57. Kd6 Rg5 58. f7 Rxg7 59. f8Q Rg6+ 60. Kc7 Kxb2 61. Kxb7 Kb3 62. Kxa6 Kxc4 63. Kb7 Rg5 64. Qf4+ Kb5 65. Qxg5+ Ka4 66. Qc5 h5 67. a6 h4 68. a7 h3 69. a8Q+ Kb3 70. Qaa3# 1-0

[Event "Titled Tuesday intern op 27th Dec Early"]
[Site "Chess.com INT"]
[Date "2022.12.27"]
[Round "3"]
[White "Alhadad, Mahmoud"]
[Black "Chernov, Mikhail"]
[Result "0-1"]
[WhiteElo "1840"]
[BlackElo "2213"]
[PlyCount "39"]
[EventDate "2022.12.27"]
[EventType "swiss (blitz)"]
[EventRounds "11"]
[EventCountry "USA"]
[SourceTitle "EXT 2024"]
[Source "ChessBase"]
[SourceDate "2023.10.10"]
[SourceVersion "1"]
[SourceVersionDate "2023.10.10"]
[SourceQuality "1"]

1. e4 c5 2. Nc3 Nc6 3. Bb5 Nd4 4. Nf3 Nxb5 5. Nxb5 a6 6. Nc3 b5 7. d4 e6 8. d5 Bb7 9. e5 Ne7 10. d6 Nc6 11. Bg5 f6 12. exf6 gxf6 13. Ne4 Bg7 14. Nh4 0-0 15. Qh5 fxg5 16. Nxg5 h6 17. Ng6 Qxg5 18. Qxg5 hxg5 19. Nxf8 Rxf8 20. h4 0-1

[Event "Titled Tuesday intern op 15th Nov Early"]
[Site "Chess.com INT"]
[Date "2022.11.15"]
[Round "5"]
[White "Alhadad, Mahmoud"]
[Black "Gedgafov, Chamal"]
[Result "0-1"]
[WhiteElo "1840"]
[BlackElo "2118"]
[PlyCount "48"]
[EventDate "2022.11.15"]
[EventType "swiss (blitz)"]
[EventRounds "11"]
[EventCountry "USA"]
[SourceTitle "CBM 211 Extra"]
[Source "ChessBase"]
[SourceDate "2023.01.31"]
[SourceVersion "1"]
[SourceVersionDate "2023.01.31"]
[SourceQuality "1"]

1. e4 e6 2. Nc3 d5 3. Nf3 dxe4 4. Nxe4 Nd7 5. d4 Ngf6 6. Bd3 Nxe4 7. Bxe4 Nf6 8. Qe2 Nxe4 9. Qxe4 Qd5 10. Qxd5 exd5 11. Bf4 c6 12. 0-0-0 f6 13. Rhe1+ Kf7 14. h3 h5 15. c3 g5 16. Bg3 Bf5 17. Kd2 h4 18. Bh2 Bh6 19. Ke2 Rhe8+ 20. Kf1 Be4 21. Nd2 Bc2 22. Rxe8 Rxe8 23. Re1 Bd3+ 24. Re2 Rxe2 0-1

[Event "Titled Tuesday intern op 08th Nov Early"]
[Site "Chess.com INT"]
[Date "2022.11.08"]
[Round "4"]
[White "Alhadad, Mahmoud"]
[Black "Moskvin, Anatoly"]
[Result "0-1"]
[WhiteElo "1840"]
[BlackElo "2170"]
[PlyCount "104"]
[EventDate "2022.11.08"]
[EventType "swiss (blitz)"]
[EventRounds "11"]
[EventCountry "USA"]
[SourceTitle "EXT 2024"]
[Source "ChessBase"]
[SourceDate "2023.10.10"]
[SourceVersion "1"]
[SourceVersionDate "2023.10.10"]
[SourceQuality "1"]

1. e4 e5 2. d4 exd4 3. Bc4 Nc6 4. Nf3 Nf6 5. 0-0 Nxe4 6. Nc3 Nxc3 7. bxc3 Be7 8. cxd4 d5 9. Bb5 0-0 10. Bxc6 bxc6 11. Ne5 Bf6 12. Qf3 c5 13. Ba3 cxd4 14. Bxf8 Kxf8 15. Qa3+ Qe7 16. Qxe7+ Kxe7 17. Rfe1 Be6 18. f4 Kd6 19. h3 g5 20. Nd3 c5 21. Kf2 c4 22. fxg5 Bxg5 23. Nb4 a5 24. a3 Bd2 25. Red1 Bc3 26. Rab1 axb4 27. axb4 Rb8 28. b5 Bf5 29. Rdc1 Kc5 30. b6 Rxb6 31. Rxb6 Kxb6 32. g4 Be4 33. Kg3 Kc5 34. Kf4 Bd2+ 35. Ke5 Bxc1 36. h4 Bxc2 37. g5 d3 38. Kf6 d2 39. Kg7 d1Q 40. Kh8 Bb2+ 41. Kg8 Qh5 42. g6 Qxg6+ 43. Kf8 Qe6 44. h5 f5 45. h6 Qxh6+ 46. Kg8 Ba3 47. Kf7 Kd4 48. Ke8 Ke5 49. Kd7 f4 50. Kc7 Bf5 51. Kd8 Qg7 52. Ke8 Qe7# 0-1